[Event "AUTO-ELITE-1201"]
[Site "http://www.queenalice.com/game.php?id=1214888"]
[Date "2013.9.6"]
[Round "1"]
[White "RIVAS"]
[Black "WakanTanka"]
[Result "0-1"]
[WhiteElo "2259"]
[BlackElo "2616"]

1. d4 Nf6 2. c4 e6 3. g3 d5 4. Bg2 Nc6 5. cxd5 exd5 6. Nf3 Bd6 7. O-O h6 8. Nc3
O-O 9. Nb5 Re8 10. Nxd6 cxd6 11. b3 Bf5 12. Nh4 Be6 13. Bb2 Rc8 14. Rc1 Qa5 15.
a3 Qb5 16. a4 Qb6 17. Ba1 Na5 18. Rb1 Qb4 19. e3 Rc7 20. Qe1 Qxe1 21. Rfxe1 Rec8
22. Bf1 g5 23. Nf3 Bf5 24. Rb2 Rc1 25. Rbe2 Nxb3 0-1

[Event "Challenge"]
[Site "http://www.queenalice.com/game.php?id=1216514"]
[Date "2013.9.12"]
[Round "-"]
[White "WakanTanka"]
[Black "cro_kramnik"]
[Result "1/2-1/2"]
[WhiteElo "2609"]
[BlackElo "2630"]

1. d4 g6 2. e4 Bg7 3. Be2 d6 4. Nf3 a6 5. c4 Bg4 6. Nc3 Nc6 7. Be3 e5 8. dxe5
dxe5 9. Qb3 Bxf3 10. Bxf3 Rb8 11. Qa4 Ne7 12. Rd1 Qc8 13. h3 O-O 14. Qa3 Re8 15.
Bg4 f5 16. exf5 Nxf5 17. O-O Ncd4 18. b3 Qe6 19. Qa5 Qf7 20. Rfe1 h5 21. Bxf5
gxf5 22. Bxd4 exd4 23. Nd5 c6 24. Nf4 h4 25. Nd3 Re4 26. Kf1 Rbe8 27. Nc5 b6 28.
Qxb6 Rxe1+ 29. Rxe1 Rxe1+ 30. Kxe1 Qe8+ 31. Kd1 1/2-1/2

[Event "Challenge"]
[Site "http://www.queenalice.com/game.php?id=1216515"]
[Date "2013.9.12"]
[Round "-"]
[White "cro_kramnik"]
[Black "WakanTanka"]
[Result "1/2-1/2"]
[WhiteElo "2630"]
[BlackElo "2609"]

1. Nf3 Nf6 2. c4 c5 3. Nc3 Nc6 4. g3 e5 5. Bg2 d6 6. O-O Be7 7. d3 O-O 8. Bg5 h6
9. Bxf6 Bxf6 10. a3 Be6 11. Ne1 Qd7 12. Nc2 Rab8 13. Ne3 a6 14. Ned5 Bd8 15. Qa4
Qc8 16. Rfb1 Nd4 17. e3 b5 18. Qd1 Nf5 19. cxb5 axb5 20. b4 Ne7 21. a4 Nc6 22.
Rc1 bxa4 23. bxc5 dxc5 24. Nxa4 Ne7 25. Rxc5 Qd7 26. Ndc3 Bc7 27. Ne4 f5 28. Rc2
Qd8 29. Nec5 Bc8 30. Rb2 Rxb2 31. Nxb2 f4 32. Qb3+ Kh8 33. Ra8 Qe8 34. Nc4 Qf7
35. Qb2 Nd5 36. Ne4 Qh5 37. Qc1 Rg8 38. Ned2 Nf6 39. Rxc8 Rxc8 40. Nd6 Qg4 41.
Nxc8 Qxc8 42. exf4 exf4 43. Ne4 Qd7 44. Nxf6 gxf6 45. Be4 Kg7 46. Bf5 Qe7 47.
Qd1 fxg3 48. hxg3 Bb6 49. Qg4+ Kf8 50. Kg2 Qc5 51. Qf3 Kg7 52. Bg4 Kg6 53. Qe4+
Kg7 54. f4 h5 55. d4 Qc4 56. Bxh5 Bxd4 57. Bd1 Qc3 58. Bc2 Kf8 59. Bd3 Qb4 60.
Kh3 Qc3 61. Bb5 Bf2 62. Qe8+ 1/2-1/2

[Event "Stephanie"]
[Site "http://www.queenalice.com/game.php?id=1232605"]
[Date "2013.11.28"]
[Round "-"]
[White "Cheshco"]
[Black "WakanTanka"]
[Result "1/2-1/2"]
[WhiteElo "2468"]
[BlackElo "2622"]

1. d4 Nf6 2. c4 e6 3. Nf3 d5 4. Nc3 Be7 5. Bg5 O-O 6. e3 h6 7. Bh4 a6 8. Rc1
dxc4 9. Bxc4 Nbd7 10. a4 c5 11. O-O b6 12. Bg3 cxd4 13. Nxd4 Bb7 14. Qc2 Bc5 15.
Rfd1 Qe7 16. Qe2 Rfc8 17. Nc2 Nb8 18. e4 Nc6 19. e5 Nd7 20. Rd2 Qe8 21. Rcd1 Nf8
22. Kh1 Ng6 23. f4 Rd8 24. Bd3 Nb4 25. Nxb4 Bxb4 26. Qf2 Bc6 27. Rc1 Bxa4 28.
Qxb6 Bb5 29. Bxb5 axb5 30. Rxd8 Qxd8 31. Qxd8+ Rxd8 32. Nxb5 Bd2 33. Rd1 Ra8 34.
Nd6 Bxf4 35. Bxf4 Nxf4 36. g3 Nd5 37. Rc1 Kf8 38. Kg2 Rb8 1/2-1/2

[Event "AUTO-ELITE-1201"]
[Site "http://www.queenalice.com/game.php?id=1240555"]
[Date "2013.12.16"]
[Round "2"]
[White "meguinho"]
[Black "WakanTanka"]
[Result "1/2-1/2"]
[WhiteElo "2501"]
[BlackElo "2622"]

1. e4 c5 2. Nf3 e6 3. d4 cxd4 4. Nxd4 a6 5. Bd3 Qc7 6. O-O Nf6 7. Qe2 Bd6 8. Kh1
Nc6 9. Nxc6 dxc6 10. Bg5 e5 11. Nd2 Be7 12. h3 O-O 13. a4 Be6 14. a5 Rad8 15.
Be3 c5 16. b3 Qc6 17. f4 c4 18. bxc4 exf4 19. Bxf4 Nd7 20. Nf3 Nc5 21. Be5 Qd7
22. Rad1 Qc8 23. Bc3 Na4 24. Ba1 Qc7 25. Qe1 Nc5 26. Nd4 Rfe8 27. Nxe6 Nxe6 28.
Rb1 Bf8 29. e5 Re7 30. Be4 Qxc4 31. Bxb7 Nc5 32. Bf3 Rc7 33. Bg4 Re8 34. Rf2 g6
35. Rb6 Ne6 36. Qf1 Qxf1+ 37. Rxf1 Rxc2 38. Rxa6 Bb4 39. Bxe6 fxe6 40. Bd4 Ra2
41. Bb6 Bc3 42. Bc7 g5 43. Ra7 h5 44. Rd1 Bd2 45. Bb6 g4 46. a6 Bf4 47. hxg4
hxg4 48. g3 Bxg3 49. Rd4 Bxe5 50. Rxg4+ Kh8 51. Rg5 Rb8 52. Bg1 Rb4 53. Rh5+ Kg8
54. Ra8+ Kf7 55. a7 Ra1 56. Rxe5 Rg4 57. Re3 1/2-1/2

[Event "AUTO-ELITE-1201"]
[Site "http://www.queenalice.com/game.php?id=1240556"]
[Date "2013.12.16"]
[Round "2"]
[White "WakanTanka"]
[Black "meguinho"]
[Result "1/2-1/2"]
[WhiteElo "2625"]
[BlackElo "2492"]

1. d4 d5 2. c4 c6 3. Nf3 Nf6 4. e3 e6 5. Bd3 dxc4 6. Bxc4 c5 7. O-O a6 8. Be2
cxd4 9. exd4 Nc6 10. Be3 Bd6 11. Nc3 O-O 12. Rc1 h6 13. Qd2 b5 14. Bd3 Ne7 15.
Ne4 Nxe4 16. Bxe4 Rb8 17. Bxh6 f5 18. Bc6 gxh6 19. Qxh6 Rf7 20. Ng5 Rg7 21. Nxe6
Bxe6 22. Qxe6+ Rf7 23. Be8 Qxe8 24. Qxd6 Rd8 25. Qxa6 Rxd4 26. Rfe1 Qd7 27. Qh6
Rd5 28. h3 f4 29. Qb6 Rg5 30. Re5 Rxe5 31. Qb8+ Kh7 32. Qxe5 Ng6 33. Qh5+ Kg7
34. Rd1 Qf5 35. Qxf5 Rxf5 36. b3 b4 37. Rd7+ Kh6 38. Rd4 Ra5 39. Rxb4 Rxa2 40.
g3 fxg3 41. fxg3 Ne5 42. Rf4 Rb2 43. Rf5 Nd3 44. h4 Rxb3 45. Kg2 Ne1+ 46. Kf2
Nc2 47. g4 Ne3 48. Rg5 Nc4 49. Rf5 Ra3 50. Rf3 Ra6 51. Kg3 Ne5 1/2-1/2

[Event "Lucius1-2"]
[Site "http://www.queenalice.com/game.php?id=1241389"]
[Date "2013.12.19"]
[Round "3"]
[White "WakanTanka"]
[Black "juli1"]
[Result "1-0"]
[WhiteElo "2619"]
[BlackElo "2507"]

1. e4 e6 2. d4 d5 3. Nc3 Bb4 4. e5 c5 5. a3 Bxc3+ 6. bxc3 Ne7 7. Qg4 O-O 8. Bd3
Qa5 9. Bd2 Nf5 10. Ne2 Nc6 11. Qh3 c4 12. Bxf5 exf5 13. O-O Qa4 14. Ra2 Be6 15.
Bg5 Kh8 16. Nf4 Rg8 17. Nh5 Rac8 18. f4 Nb8 19. Nf6 gxf6 20. Bxf6+ Rg7 21. Qh6
Rg8 22. Rf3 Nd7 23. Rh3 Nxf6 24. exf6 Qb5 25. fxg7+ Rxg7 26. Ra1 Qb2 27. Re1
Qxa3 28. Qf6 Kg8 29. Qd8+ Qf8 30. Qc7 Rg6 31. Qxb7 Qd6 32. Rf3 a6 33. Qa8+ Qf8
34. Qxa6 Qb8 35. Ra1 Kg7 36. Qa3 h5 37. Qe7 Kh6 38. g3 Qg8 39. Kf2 Kh7 40. Re3
Qg7 41. Ra6 Rh6 42. Ke2 Rf6 43. Kf1 Rg6 44. Re1 Rh6 45. Ra8 h4 46. Re3 h3 47.
Re1 Qg4 48. Kf2 Qg7 49. Rf8 Rg6 50. Ra1 Qf6 51. Qe8 Rg4 52. Ra6 1-0

[Event "AUTO-ELITE-1279"]
[Site "http://www.queenalice.com/game.php?id=1252151"]
[Date "2014.1.29"]
[Round "1"]
[White "WakanTanka"]
[Black "trompmaster"]
[Result "1-0"]
[WhiteElo "2621"]
[BlackElo "2394"]

1. e4 d6 2. d4 Nf6 3. Nc3 c6 4. Nf3 Bg4 5. h3 Bh5 6. Qe2 e6 7. g4 Bg6 8. h4 h5
9. g5 Nfd7 10. Bd2 Be7 11. Qe3 d5 12. Bd3 a5 13. O-O-O Na6 14. exd5 Bxd3 15.
dxe6 Bf5 16. exd7+ Qxd7 17. a3 Qe6 18. Rhe1 Qxe3 19. Rxe3 Nc7 20. Rde1 Ne6 21.
d5 cxd5 22. Nxd5 Rc8 23. Rc3 Rd8 24. Nxe7 Kxe7 25. Rb3 Rb8 26. Bf4 a4 27. Rb5
Bg4 28. Bxb8 Bxf3 29. Be5 Rg8 30. Ra5 Bc6 31. Bc3 g6 32. f4 Kd7 33. Rd1+ Kc7 34.
f5 Nf4 35. Re5 Kc8 36. Rd4 Nh3 37. Re7 gxf5 38. Rxf7 Ng1 39. Kd1 Nf3 40. Rc4 Nh2
41. Rxf5 Ng4 42. Kd2 Rd8+ 43. Rd4 Rg8 44. Ba5 Nh2 45. Rd3 Kb8 46. Rf7 Ka7 47.
Bc7 Ng4 48. Rd4 Ka6 49. Rd6 Ne5 50. Rf5 Nc4+ 51. Kc3 Nb6 52. Kb4 1-0

[Event "AUTO-ELITE-1279"]
[Site "http://www.queenalice.com/game.php?id=1252152"]
[Date "2014.1.29"]
[Round "1"]
[White "trompmaster"]
[Black "WakanTanka"]
[Result "0-1"]
[WhiteElo "2400"]
[BlackElo "2617"]

1. Nf3 d5 2. d4 Nf6 3. e3 c5 4. b3 cxd4 5. exd4 Nc6 6. Bb2 Bf5 7. Bd3 Bxd3 8.
Qxd3 e6 9. O-O Rc8 10. a3 Bd6 11. c4 b6 12. Nbd2 O-O 13. Rac1 a5 14. Ne5 dxc4
15. Nexc4 Bf4 16. g3 Bxd2 17. Nxd2 Qd7 18. Rfe1 Rfd8 19. Nc4 Qb7 20. Bc3 Nd5 21.
Bb2 h6 22. Red1 b5 23. Nd2 Nde7 24. Rc5 b4 25. axb4 Nxb4 26. Qc4 Rxc5 27. dxc5
Rd3 28. Qc1 Qd5 29. h3 Nf5 30. Kh2 Nd4 31. Bxd4 Rxd4 32. Qc3 Rd3 33. Qc1 Nc6 34.
g4 Nd4 35. c6 Nxc6 36. Qc2 Ne5 37. Qc8+ Kh7 38. Qc2 f5 39. gxf5 exf5 40. Rc1 Qd4
41. Nf1 Qh4 42. Ng3 f4 43. Kg2 fxg3 44. f3 Qf4 45. Rf1 h5 46. Kh1 Kh6 47. Qg2
Rd2 0-1

[Event "AUTO-ELITE-1279"]
[Site "http://www.queenalice.com/game.php?id=1252153"]
[Date "2014.1.29"]
[Round "1"]
[White "WakanTanka"]
[Black "gero79"]
[Result "1/2-1/2"]
[WhiteElo "2620"]
[BlackElo "2464"]

1. e4 c5 2. Nf3 d6 3. d4 cxd4 4. Nxd4 Nf6 5. Nc3 a6 6. Bg5 e6 7. f4 Qb6 8. Nb3
Be7 9. Qf3 Nbd7 10. Be2 Qc7 11. a4 h6 12. Bh4 b6 13. O-O O-O 14. Bg3 Rd8 15.
Rad1 Bb7 16. Bd3 d5 17. e5 d4 18. Ne4 Nxe4 19. Bxe4 Bxe4 20. Qxe4 Nc5 21. Nxc5
Bxc5 22. Rd3 1/2-1/2

[Event "AUTO-ELITE-1279"]
[Site "http://www.queenalice.com/game.php?id=1252154"]
[Date "2014.1.29"]
[Round "1"]
[White "gero79"]
[Black "WakanTanka"]
[Result "1/2-1/2"]
[WhiteElo "2468"]
[BlackElo "2624"]

1. e4 e5 2. Nf3 Nc6 3. Bc4 Be7 4. O-O Nf6 5. d4 exd4 6. Re1 d6 7. Nxd4 Ne5 8.
Bf1 O-O 9. h3 Re8 10. Bf4 Ng6 11. Bh2 Nd7 12. Nc3 Bg5 13. Nf3 Bf6 14. Re3 Bxc3
15. bxc3 Nde5 16. Rb1 b6 17. Nxe5 Nxe5 18. Qd4 Bb7 19. Bb5 Re7 20. f4 Nd7 21.
Rbe1 a6 22. Bc4 b5 23. Bf1 Nb6 24. f5 Nd7 25. c4 Bc6 26. a3 Re8 1/2-1/2

[Event "Lucius1-2"]
[Site "http://www.queenalice.com/game.php?id=1269146"]
[Date "2014.3.30"]
[Round "4"]
[White "WakanTanka"]
[Black "pickles"]
[Result "1/2-1/2"]
[WhiteElo "2621"]
[BlackElo "2459"]

1. c4 e5 2. Nc3 Nf6 3. Nf3 Nc6 4. g3 Nd4 5. Bg2 Nxf3+ 6. Bxf3 Bb4 7. Qb3 Bc5 8.
O-O O-O 9. Na4 Be7 10. d4 exd4 11. Rd1 c5 12. e3 dxe3 13. Qxe3 Rb8 14. Nxc5 b5
15. cxb5 Rxb5 16. Nd3 Bb7 17. a4 Rb3 18. Bxb7 Rxb7 19. b4 Re8 20. b5 d5 21. Bb2
Ne4 22. Ne5 Bc5 23. Bd4 Rxe5 24. Bxc5 Ng5 25. Qc3 Re8 26. Bd4 Ne6 27. Rd3 Qc8
28. Qd2 Rd7 29. a5 h6 30. Re1 Qc4 31. b6 axb6 32. axb6 Rb8 33. Rb1 Nxd4 34. Rxd4
Qc6 35. Rdb4 Qf6 36. Qd4 1/2-1/2

[Event "AUTO-ELITE-1279"]
[Site "http://www.queenalice.com/game.php?id=1300259"]
[Date "2014.8.8"]
[Round "2"]
[White "WakanTanka"]
[Black "Alsina"]
[Result "1-0"]
[WhiteElo "2616"]
[BlackElo "2491"]

1. b3 d5 2. Nf3 c5 3. e3 Nf6 4. Bb2 Nc6 5. Bb5 Bd7 6. O-O e6 7. Bxc6 Bxc6 8. Ne5
Bd6 9. Nxc6 bxc6 10. d3 Qc7 11. Bxf6 gxf6 12. Qh5 Qa5 13. Rd1 Ke7 14. f4 Rag8
15. Kh1 Rg6 16. g3 Kf8 17. c4 Kg7 18. Nd2 Qc3 19. Qe2 Qb2 20. Rdb1 Qc3 21. Nf3
Re8 22. e4 d4 23. e5 fxe5 24. fxe5 Be7 25. Nd2 Qa5 26. Ne4 Qc7 27. Qh5 Rh6 28.
Qg4+ Rg6 29. Qf4 h6 30. Rf1 Rf8 31. g4 Kg8 32. h3 a5 33. Rf2 Bg5 34. Qh2 Bh4 35.
Rf3 Qe7 36. Raf1 Bg5 37. Qb2 Rg7 38. Qa3 Qa7 39. Qxc5 Qxc5 40. Nxc5 Rb8 41. Ne4
Rb4 42. Kg2 Be7 43. Kg3 h5 44. R3f2 h4+ 45. Kf4 a4 46. bxa4 Rxa4 47. Rb1 Kh7 48.
Rb7 Bb4 49. Rc7 c5 50. Rc8 Be1 51. Rg2 Kg6 52. Nf6 Ra3 53. g5 Rxd3 54. Rh8 1-0

[Event "AUTO-ELITE-1279"]
[Site "http://www.queenalice.com/game.php?id=1300260"]
[Date "2014.8.8"]
[Round "2"]
[White "Alsina"]
[Black "WakanTanka"]
[Result "1/2-1/2"]
[WhiteElo "2530"]
[BlackElo "2618"]

1. d4 d6 2. c4 e5 3. Nc3 exd4 4. Qxd4 Nf6 5. e4 Nc6 6. Qd1 g6 7. Nge2 Bg7 8. Nf4
O-O 9. Be2 Re8 10. f3 Ne5 11. Qc2 c6 12. Be3 g5 13. Nh3 h6 14. O-O-O Be6 15. c5
d5 16. f4 Neg4 17. Bd4 gxf4 18. exd5 Nxd5 19. Nxd5 Bxd4 20. Rxd4 Ne3 21. Nxe3
Qxd4 22. Nf5 Bxf5 1/2-1/2

[Event "AUTO-ELITE-1279"]
[Site "http://www.queenalice.com/game.php?id=1300261"]
[Date "2014.8.8"]
[Round "2"]
[White "WakanTanka"]
[Black "kobra23"]
[Result "1/2-1/2"]
[WhiteElo "2616"]
[BlackElo "2624"]

1. e4 c6 2. d4 d5 3. Nc3 dxe4 4. Nxe4 Nd7 5. Bd3 Ngf6 6. Nxf6+ Nxf6 7. c3 Bg4 8.
Ne2 e6 9. Qb3 Bxe2 10. Bxe2 Qc7 11. O-O Bd6 12. g3 h6 13. Bd2 O-O 14. Rad1 Rfd8
15. Rfe1 Rd7 16. a3 Rad8 17. Kg2 Qa5 18. c4 Qc7 19. Qa4 a6 20. Bc3 Qc8 21. Qb3
b5 22. Rc1 Qc7 23. Bd2 Qb8 24. Rc2 Bc7 25. Qf3 bxc4 26. Bxh6 Qb3 27. Rc3 Qxb2
28. Bc1 Qb7 29. Rxc4 Rd5 30. Rd1 Bb8 31. Qc3 Rb5 32. Qc2 Nd5 33. Qe4 Rb6 34. Bg5
Re8 35. Bd3 f5 36. Qf3 Bd6 37. Bc2 Be7 38. h4 Qd7 39. Rc1 Bxg5 40. hxg5 Ne7 41.
Rc5 Reb8 42. Bd3 Qxd4 43. Qe2 Kf7 44. Re1 Qxc5 45. Qxe6+ Ke8 46. Re5 Qd5+ 47.
Rxd5 cxd5 48. Qe5 Kf8 49. Bxf5 Nxf5 50. Qxf5+ Ke7 51. Qe5+ Kf8 1/2-1/2

[Event "AUTO-ELITE-1279"]
[Site "http://www.queenalice.com/game.php?id=1300262"]
[Date "2014.8.8"]
[Round "2"]
[White "kobra23"]
[Black "WakanTanka"]
[Result "1/2-1/2"]
[WhiteElo "2624"]
[BlackElo "2616"]

1. d4 Nf6 2. c4 g6 3. Nc3 Bg7 4. Nf3 O-O 5. e4 d6 6. Be3 c5 7. h3 cxd4 8. Nxd4
b6 9. Be2 Bb7 10. Qc2 Nbd7 11. O-O Rc8 12. Rfd1 Nc5 13. Bf3 Qe8 14. b3 Nfd7 15.
Rac1 Ne5 16. Bg4 Rb8 17. Be2 Nc6 18. Qd2 Rd8 19. Nxc6 Bxc6 20. f3 a5 21. Nd5 Rb8
22. Rb1 f5 23. exf5 Rxf5 24. a3 Rf7 25. b4 Na4 26. Bd4 e5 27. Ba1 axb4 28. axb4
Kh8 29. Rbc1 Qf8 30. Rc2 Ra8 31. Bd3 Rfa7 32. Qe1 b5 33. Be4 bxc4 34. Rxc4 Bxd5
35. Bxd5 Nb6 36. Bxa8 Nxc4 37. Bd5 Nb6 38. Be6 Qb8 39. Qe4 Nd7 40. Bxd7 Rxd7 41.
b5 Rb7 42. Rxd6 Qxd6 43. Qxb7 Bh6 44. Qa8+ Kg7 45. Qa7+ Kf8 46. Kh1 Bf4 47. Bb2
Ke8 48. Qa1 Kd7 49. Qg1 Qd5 50. Qf1 Qb3 1/2-1/2

[Event "AUTO-ELITE-1539"]
[Site "http://www.queenalice.com/game.php?id=1378399"]
[Date "2015.8.18"]
[Round "1"]
[White "Donidon"]
[Black "WakanTanka"]
[Result "0-1"]
[WhiteElo "2412"]
[BlackElo "2628"]

1. e4 c5 2. Nf3 Nc6 3. d4 cxd4 4. Nxd4 Nf6 5. Nc3 e6 6. Bc4 Qc7 7. Bb3 a6 8. O-O
b5 9. Be3 Bb7 10. f3 Bc5 11. Kh1 Qb6 12. Nce2 Ne7 13. e5 Nfd5 14. Bg1 O-O 15.
Ng3 Nf4 16. c3 Neg6 17. Ne4 Bxe4 18. fxe4 Qc7 19. Nf3 Bxg1 20. Nxg1 Qxe5 21. Bc2
Qc5 22. Nf3 Nh5 23. Qd4 Qxd4 24. Nxd4 Nf6 25. Nf3 Ng4 26. Rae1 f6 27. h3 N4e5
28. Kh2 a5 29. Rd1 Rfb8 30. Rd4 Kf7 31. a3 Ke7 32. Nxe5 Nxe5 33. Bb3 Nc6 34. Rd2
b4 35. cxb4 axb4 36. a4 Na5 37. Bd1 Nc4 38. Rdf2 b3 39. Bf3 Rxa4 40. Rc1 Rbb4
41. g4 Ra2 42. Rb1 Ne5 43. Bd1 Ra6 44. Bf3 Rd6 45. Bg2 Rc4 46. Re2 Rc2 47. Rxc2
bxc2 0-1

[Event "AUTO-ELITE-1539"]
[Site "http://www.queenalice.com/game.php?id=1378400"]
[Date "2015.8.18"]
[Round "1"]
[White "WakanTanka"]
[Black "Donidon"]
[Result "1-0"]
[WhiteElo "2623"]
[BlackElo "2458"]

1. d4 Nf6 2. c4 d5 3. cxd5 Nxd5 4. Nf3 g6 5. e4 Nb6 6. Be3 Bg7 7. Nc3 O-O 8. h3
Nc6 9. Be2 f5 10. exf5 Bxf5 11. Qb3+ Kh8 12. d5 Ne5 13. Nxe5 Bxe5 14. O-O Qd6
15. Rac1 Bh2+ 16. Kh1 Be5 17. f4 Bg7 18. Bf3 Bd3 19. Rfd1 Bc4 20. Qc2 Qd7 21.
Qe4 Ba6 22. Bd4 Qf5 23. Bxg7+ Kxg7 24. Qxe7+ Rf7 25. Qe5+ Kg8 26. Ne4 Raf8 27.
Ng5 Rd7 28. Bg4 Qxe5 29. fxe5 Rf5 30. Bxf5 gxf5 31. e6 Rxd5 32. Re1 Rd8 33. Rxc7
h6 34. Nf7 1-0

[Event "AUTO-ELITE-1539"]
[Site "http://www.queenalice.com/game.php?id=1378405"]
[Date "2015.8.18"]
[Round "1"]
[White "Sacapiece"]
[Black "WakanTanka"]
[Result "0-1"]
[WhiteElo "2259"]
[BlackElo "2622"]

1. e4 c5 2. Nf3 Nc6 3. d4 cxd4 4. Nxd4 Nf6 5. Nc3 e5 6. Ndb5 d6 7. Bg5 a6 8. Na3
b5 9. Bxf6 gxf6 10. Nd5 f5 11. Bd3 Be6 12. c3 Bg7 13. Qh5 O-O 14. O-O fxe4 15.
Bxe4 f5 16. Nf4 exf4 17. Bxc6 Rc8 18. Qe2 Bf7 19. Bf3 d5 20. Rfd1 d4 21. cxd4
Qd6 22. Qd3 b4 23. Nb1 Bc4 24. Qd2 Rfd8 25. d5 Bxd5 26. h3 Bxf3 27. Qxd6 Rxd6
28. Rxd6 Rc1+ 29. Kh2 Bxb2 30. gxf3 Bxa1 31. Nd2 Rc2 32. Nb3 Rxf2+ 33. Kg1 Rxa2
34. Rd8+ Kf7 0-1

[Event "AUTO-ELITE-1539"]
[Site "http://www.queenalice.com/game.php?id=1378406"]
[Date "2015.8.18"]
[Round "1"]
[White "WakanTanka"]
[Black "Sacapiece"]
[Result "1-0"]
[WhiteElo "2621"]
[BlackElo "2260"]

1. d4 Nf6 2. c4 e5 3. dxe5 Ng4 4. Bf4 Bb4+ 5. Nc3 Bxc3+ 6. bxc3 Nc6 7. Nf3 Qe7
8. Qd5 f6 9. exf6 Nxf6 10. Qd3 d6 11. g3 O-O 12. Bg2 Bg4 13. Rb1 Na5 14. O-O
Rae8 15. Rfe1 Kh8 16. Bg5 Qf7 17. Bxf6 Qxf6 18. Qd4 Qg6 19. Nh4 Qe6 20. Qxa7
Nxc4 21. Rxb7 Ra8 22. Qd4 Ne5 23. Rxc7 Ra5 24. f3 Rd5 25. Qa7 Qf6 26. fxg4 1-0

[Event "Sidinei-2"]
[Site "http://www.queenalice.com/game.php?id=1388553"]
[Date "2015.10.10"]
[Round "1"]
[White "WakanTanka"]
[Black "artur59"]
[Result "0-1"]
[WhiteElo "2626"]
[BlackElo "2737"]

1. d4 Nf6 2. c4 g6 3. Nc3 Bg7 4. e4 d6 5. Nf3 O-O 6. Be2 Nc6 7. d5 Nb8 8. O-O
Bg4 9. Qc2 a5 10. Be3 Na6 11. a3 c6 12. h3 Bxf3 13. Bxf3 Nd7 14. Rab1 Nac5 15.
b4 axb4 16. axb4 Na6 17. dxc6 bxc6 18. Rfd1 c5 19. bxc5 Naxc5 20. e5 Ra3 21. Qc1
Qa5 22. Nb5 Rxe3 23. Qxe3 Nxe5 24. Be2 Ne6 25. f4 Nd7 26. Bg4 Ndc5 27. f5 gxf5
28. Bxf5 Qa2 29. Qe1 Bf6 30. Rdc1 Kh8 31. Rc2 Qa8 32. Qf2 Rg8 33. Ra2 Qf8 34.
Qe3 Be5 35. Rf1 f6 36. Ra7 Qf7 37. Qe2 Ng7 38. Bg4 f5 39. Bf3 Qe6 40. Rd1 Qf6
41. Qf2 Nge6 42. Rda1 Bxa1 0-1

[Event "AUTO-ELITE-1539"]
[Site "http://www.queenalice.com/game.php?id=1390639"]
[Date "2015.10.24"]
[Round "2"]
[White "WakanTanka"]
[Black "Caronte"]
[Result "1/2-1/2"]
[WhiteElo "2625"]
[BlackElo "2698"]

1. e4 e5 2. Nf3 Nc6 3. Bb5 a6 4. Bxc6 dxc6 5. O-O Qf6 6. d4 exd4 7. Bg5 Qd6 8.
Nxd4 Bd7 9. Nc3 Be7 10. Be3 Nf6 11. h3 c5 12. Nb3 Qxd1 13. Rfxd1 b6 14. a4 a5
15. Nc1 O-O-O 16. Nd3 Bc6 17. f3 Nd7 18. Nb5 Kb7 19. Nf4 Bf6 20. Rab1 Rhe8 21.
c4 Be5 22. Nd3 Bf6 23. Nf4 Be5 24. Nd3 Bg3 25. Bf4 Bxb5 26. cxb5 Bh4 27. b3 Bf6
28. Be3 h6 29. Nf4 g5 30. Nd5 Be5 31. h4 gxh4 32. Bxh6 Re6 33. Bg5 Rh8 34. Rbc1
Nf8 35. Bf4 Ng6 36. Bxe5 Nxe5 37. Kf2 Rd6 38. Nf4 1/2-1/2

[Event "AUTO-ELITE-1539"]
[Site "http://www.queenalice.com/game.php?id=1390640"]
[Date "2015.10.24"]
[Round "2"]
[White "Caronte"]
[Black "WakanTanka"]
[Result "1-0"]
[WhiteElo "2691"]
[BlackElo "2632"]

1. e4 e6 2. d4 d5 3. Nc3 Nf6 4. e5 Nfd7 5. f4 c5 6. Nf3 Nc6 7. Be3 Qb6 8. Na4
Qa5+ 9. c3 cxd4 10. b4 Nxb4 11. cxb4 Bxb4+ 12. Bd2 Bxd2+ 13. Nxd2 b6 14. Bd3 Ba6
15. Nb2 Nc5 16. Bxa6 Qxa6 17. Qe2 Rc8 18. Qxa6 Nxa6 19. Kd1 f6 20. Nf3 fxe5 21.
fxe5 Rf8 22. Nxd4 Rf2 23. Nd3 Rxg2 24. Nf4 Rg4 25. Nfxe6 Nc5 26. h3 Nxe6 27.
hxg4 Nxd4 28. Rc1 Rxc1+ 29. Kxc1 h6 30. Rd1 Nf3 31. Rd3 Ng5 32. Ra3 a5 33. Rb3
Nf7 34. Rd3 Kd7 35. Rxd5+ Ke6 36. Rb5 Nxe5 37. Rxb6+ 1-0

[Event "Sidinei-2"]
[Site "http://www.queenalice.com/game.php?id=1425401"]
[Date "2016.5.30"]
[Round "2"]
[White "RenverKestak"]
[Black "WakanTanka"]
[Result "1/2-1/2"]
[WhiteElo "2629"]
[BlackElo "2620"]

1. c4 Nf6 2. d4 g6 3. Nc3 Bg7 4. e4 d6 5. f3 O-O 6. Be3 Nc6 7. Qd2 a6 8. O-O-O
Rb8 9. Kb1 Bd7 10. h4 Re8 11. Bh6 e5 12. Bxg7 Kxg7 13. dxe5 Nxe5 14. h5 1/2-1/2

[Event "Sidinei-2"]
[Site "http://www.queenalice.com/game.php?id=1469864"]
[Date "2017.3.21"]
[Round "3"]
[White "WakanTanka"]
[Black "Cuxtal"]
[Result "1/2-1/2"]
[WhiteElo "2620"]
[BlackElo "2651"]

1. e4 c5 2. Nf3 d6 3. d4 cxd4 4. Nxd4 Nf6 5. Nc3 a6 6. Be3 e5 7. Nb3 Be6 8. Be2
Be7 9. Qd3 O-O 10. O-O Nbd7 11. Nd5 Bxd5 12. exd5 Rc8 13. c4 1/2-1/2